| 000 | 00627nam a2200217 4500 | ||
|---|---|---|---|
| 001 | 43867 | ||
| 003 | BD-RjUL | ||
| 005 | 20211209053750.0 | ||
| 008 | 160628b ii||||| |||| 00| 0 eng d | ||
| 035 | _a(BD-RjUL)43985 | ||
| 040 |
_aBD-RjUL _beng _cBD-RjUL _dBD-RjUL |
||
| 041 | _aeng | ||
| 082 |
_223 _a332.110954 _bSEC |
||
| 100 | 1 | 0 |
_aSethi, J. D. _9133982 |
| 245 | 1 | 0 |
_aCentral banking in theory & practice / _cJ. D. Sethi |
| 260 |
_aNew Delhi : _bSuneja book centre, |
||
| 300 |
_aii, 211 p. ; _c23 cm. |
||
| 650 |
_aBanks and banking, Central -- India. _9134805 |
||
| 650 |
_aBanks and banking _9134806 |
||
| 942 |
_2ddc _cBK |
||
| 999 |
_c43867 _d43867 |
||